000 00621nam a2200193 a 4500
001 000012807
005 20260304094324.0
008 091117s1974 dr 001 f spa d
040 _aDO-SdBNP
_bspa
_cBNPHU
082 _aRD863.44
_bP379p
100 1 _aPeix, Pedro
_d1952-2015
_925675
245 1 3 _aEl placer está en el ultimo piso :
_bnovela /
_cPedro Peix.
260 _aSanto Domingo :
_bCultural Dominicana,
_c1974.
300 _a192 p. ;
_c22 cm.
500 _aIncluye datos biográficos del autor en la contracubierta.
650 0 _aNovela dominicana
_9223
650 0 _aLiteratura dominicana.
_967
049 _aBNPD
999 _c12457
_d12457